LEADER 01782nam0 22003613i 450 001 PAL0108243 005 20251003044306.0 010 $a8877503041 020 $aIT$b96-1798 100 $a19950711d1995 ||||0itac50 ba 101 | $aita 102 $ait 181 1$6z01$ai $bxxxe 182 1$6z01$an 183 1$6z01$anc$2RDAcarrier 200 1 $aˆL'‰orientamento strategico dell'impresa$fVittorio Coda 210 $aTorino$cUTET libreria$d1995 215 $aX, 306 p.$d23 cm. 606 $aAziende$xProgrammazione$2FIR$3CFIC003602$9E 676 $a658.4012$9PIANIFICAZIONE E CONTROLLO. GESTIONE STRATEGICA$v20 676 $a658.4012$9GESTIONE ESECUTIVA. PIANIFICAZIONE E FORMAZIONE DEGL'INDIRIZZI$v21 676 $a658.5$9GESTIONE DELLA PRODUZIONE$v21 696 $aImprese 699 $aAziende$yImprese 700 1$aCoda$b, Vittorio$f <1935- >$3CFIV005758$4070$0356748 801 3$aIT$bIT-000000$c19950711 850 $aIT-BN0095 901 $bNAP 01$cPOZZO LIB.$nVi sono collocati fondi di economia, periodici di ingegneria e scienze, periodici di economia e statistica e altri fondi comprendenti documenti di economia pervenuti in dono. 912 $aPAL0108243 950 0$aBiblioteca Centralizzata di Ateneo$b1 v. (in due copie)$c1 v. in due copie$d 01POZZO LIB.ECON MON 581$e 0101 0000107055E VMA 1 v. precedente collocazione sez. DASES B 1509$fB $h20080428$i20080428$b1 v. (in due copie)$c1 v. in due copie$d 01POZZO LIB.ECON MON 581$e 0101 0000202175E VMA (bis 1 v. (2. copia) precedente collocazione sez. DASES B 1509(bis$fB $h20091217$i20091217 977 $a 01 996 $aOrientamento strategico dell'impresa$9443177 997 $aUNISANNIO